Literatura y personalismo: una mirada profunda
Guardado en:
| Format: | Bog |
|---|---|
| Sprog: | Spanish |
| Udgivet: |
San José, Costa Rica
PROMESA
2014
|
| Serier: | (Poética)
n.4 |
| Fag: | |
| Tags: |
Tilføj Tag
Ingen Tags, Vær først til at tagge denne postø!
|
MARC
| LEADER | 00000nam a22000007a 4500 | ||
|---|---|---|---|
| 008 | 220616b ||||| |||| 00| 0 spa d | ||
| 020 | |a 978-9968-41-247-6 | ||
| 090 | |a 801 L-15.2L | ||
| 245 | |a Literatura y personalismo: una mirada profunda |c / Helena Ospina Garcés , Gabriel Quesada Mora | ||
| 260 | |a San José, Costa Rica |b PROMESA |c 2014 | ||
| 300 | |a 254 p. | ||
| 490 | |a (Poética) |v n.4 | ||
| 650 | 0 | |9 178 |a TEORÍA LITERARIA | |
| 650 | 0 | |9 189 |a CRÍTICA LITERARIA | |
| 650 | 0 | |a PERSONALISMO |9 1609 | |
| 651 | |a IBEROAMÉRICA |9 1610 | ||
| 651 | |a ITALIA |9 1611 | ||
| 999 | |c 30981 |d 30981 | ||
| 942 | |c 15 D |h 801 L-15.2L |2 z | ||



